[Event "Bogota Avenida Chile op 5th"]
[Site "Bogota"]
[Date "2025.06.15"]
[Round "2"]
[White "Espitia Pineros, Luis Alberto"]
[Black "Pirachican Gonzalez, Sara"]
[Result "0-1"]
[WhiteElo "1694"]
[BlackElo "1514"]
[PlyCount "34"]
[EventDate "2025.06.15"]
[EventType "swiss (rapid)"]
[EventRounds "7"]
[EventCountry "COL"]
[SourceTitle "CB25_2025"]
[SourceDate "2025.06.18"]
[SourceVersion "1"]
[SourceVersionDate "2025.06.18"]
[SourceQuality "1"]

1. c4 e6 2. Nf3 d5 3. g3 Nf6 4. Bg2 dxc4 5. Qa4+ Nc6 6. Qxc4 Bd7 7. 0-0 Bd6 8. d4 Ne7 9. Nc3 a6 10. a4 Bc6 11. Re1 Ne4 12. Qd3 Nxc3 13. bxc3 Bxf3 14. Bxf3 c6 15. e4 Ng6 16. h4 h5 17. Qe2 c5 0-1